| 000 | 02171cam a2200277zu 4500 | ||
|---|---|---|---|
| 001 | 88815048 | ||
| 003 | FRCYB88815048 | ||
| 005 | 20251020123559.0 | ||
| 006 | m o d | ||
| 007 | cr un | ||
| 008 | 251020s2005 fr | o|||||0|0|||fre d | ||
| 020 | _a9782868913234 | ||
| 035 | _aFRCYB88815048 | ||
| 040 |
_aFR-PaCSA _bfr _c _erda |
||
| 100 | 1 | _aLyonnet, Christian | |
| 245 | 0 | 1 |
_aLes couvertures en tuiles _bTuiles de terre cuite Tuiles en béton - En application des DTU 40.21 - 40.211 - 40.22 - 40.23 - 40.24 - 40.241 et 40.25 _c['Lyonnet, Christian'] |
| 264 | 1 |
_bCSTB _c2005 |
|
| 300 | _a p. | ||
| 336 |
_btxt _2rdacontent |
||
| 337 |
_bc _2rdamdedia |
||
| 338 |
_bc _2rdacarrier |
||
| 650 | 0 | _a | |
| 700 | 0 | _aLyonnet, Christian | |
| 856 | 4 | 0 |
_2Cyberlibris _uhttps://international.scholarvox.com/netsen/book/88815048 _qtext/html _a |
| 520 | _aL'outil indispensable des professionnels de la couverture : en un seul guide, la synthèse de 7 DTU et des CPT ! Complément naturel des textes de références ce guide, comme tous les autres guides de la collection, commente et explique les règles de construction et de mise en oeuvre tout en proposant un large éventail de situations d'application et d'exécution en mettant en lumière les points singuliers. Pour vous, professionnels : charpentiers, couvreurs, maçons, architectes, bureaux d'études,... le CSTB à créé le guide Couvertures en tuiles. Grâce à de nombreux schémas et tableaux de synthèse ce guide pratique répond à toutes vos questions : Quel type de tuiles choisir en fonction de la zone géographique ou de la pente ? Comment les poser et les fixer ? Comment traiter les points singuliers (égouts, faîtage, arêtiers, noues, etc.) ? Dans quel cas et comment installer un écran de sous-toiture ?... Il traite également de l'isolation, de la ventilation ainsi que de la climatologie (vent, pluie neige) Le guide Couvertures en tuiles met à votre disposition une synthèse claire et accessible sur les conditions de mise en oeuvre des différents types de tuiles en application aux DTU, 40.21 - 40.211 - 40.22 - 40.23 - 40.24 - 40.241 - 40.25. | ||
| 999 |
_c1554675 _d1554675 |
||